00325nam a2200121Ia 4500008004100000082001800041100001500059245006600074250000800140260002300148300001000171650002200181150201s2001 xx 000 0 und d a617.6bD2003P aPANDA ,U.N aMCQS IN DENTISTRY : BASIC SCIENCES ( PG ENTRANCE EXAMINATION) a2ND bAITBSaDELHIc2001 a1-428 aGENERAL DENTISTRY